000 01621cam a2200253 4500
001 ##L135147
002 ##10159
008 060929n2006 000 0 eng u
020 _a0750681284
_a9780080464565
035 _a(Sirsi) u135147
041 0 _aeng
050 0 4 _a690.2 $2 18
100 1 _aGlover, Peter
245 0 0 _aBuilding surveys
250 _a6th ed.
260 _aOxford
_bButterworth Heinemann
_c2006
350 _a24.99
505 1 _aOrganisation -- House surveys -- Foundations -- Walls -- Floors -- Roofs and chimneys -- Joinery and woodwork -- Finishes and surfaces -- Services -- The report -- Home condition, homebuyer and other pro forma reports -- Reports on non-residential buildings -- Reports on flats and apartments -- New buildings and buildings under construction -- Reports on older buildings -- Reports on leasehold properties -- Reports for prospective mortgages -- A typical building survey report -- Legal considerations -- Dilapidations -- Conservation and the surveyor -- The surveyor as an expert witness
520 _aThis eBook is aimed at both students and practitioners emphasises the practical knowledge, techniques and equipment required to inspect and report accurately. Covers new concerns such as asbestos, contamination and energy efficiency in buildings as well as changes in legislation. Also discusses recent cases that impact on surveyor's liabilities to their clients. Includes a glossary, bibliography and list of court cases.
520 _aSupersedes fifth edition (ISBN 0750659750).
590 _aKA
690 _aBuilding surveying
_96225
942 _n0
999 _c105928
_d105928